Si, signore
Elmentve itt :
| Szerző: | |
|---|---|
| Adatforrás: | Meister |
| Forrásdokumentuma: | Korunk. - 9 sz., 1993, 64-65 p. |
| Nyelv: | magyar |
| Kulcsszavak: | irodalmi publicisztika irodalomelmélet SÁNTHA Attila BRÉDA Ferenc |
| LEADER | 00409nab a2200157 i 4500 | ||
|---|---|---|---|
| 001 | bibPRO00002575 | ||
| 008 | 060524s1993 xx hun | ||
| 040 | |a Sz1 | ||
| 041 | |a hun | ||
| 100 | 1 | |a JÓZSA T. István | |
| 245 | 1 | 0 | |a Si, signore |c JÓZSA T. István |
| 695 | |a irodalmi publicisztika | ||
| 695 | |a irodalomelmélet | ||
| 695 | |a SÁNTHA Attila | ||
| 695 | |a BRÉDA Ferenc | ||
| 773 | 0 | |t Korunk. - |g 9 sz., 1993, 64-65 p. | |